| 000 | 00881nam a2200229 i 4500 | ||
|---|---|---|---|
| 001 | 127089 | ||
| 003 | ES-MaACL | ||
| 005 | 20250809083427.0 | ||
| 007 | t| | ||
| 008 | 070214s1963 fr |||| | fre d | ||
| 100 | 1 |
_aRicard, Robert. _996852 |
|
| 245 | 1 | 0 |
_aAspects de Galdós / _cpar Robert Ricard. |
| 250 | _a1ª éd. | ||
| 260 |
_aParis : _bPresses Universitaires de France, _c1963. |
||
| 300 |
_a104 p. ; _c23 cm. |
||
| 490 | 1 |
_aPublications de la Faculté des Lettres et Sciences Humaines de Paris . Serie Etudes et méthodes ; _v10 |
|
| 600 | 1 | 4 |
_aPérez Galdós, Benito, _d1843-1920- _xCrítica e interpretación _990875 |
| 710 | 2 |
_aUniversité de Paris. _bFaculté des Lettres et Sciences Humaines. _97485 |
|
| 830 | 0 | 0 |
_aPublications de la Faculté des lettres de l'Université de Strasbourg _v10 _9184104 |
| 852 |
_aES-MaACL _jL-9820 |
||
| 999 |
_c127089 _d127089 |
||